| 000 | 00669nam a2200229Ia 4500 | ||
|---|---|---|---|
| 003 | GCL | ||
| 008 | 140319s9999 xx 000 0 ara d | ||
| 040 |
_aGCL / _cGCL |
||
| 082 | 0 | 4 |
_aم _b920 _bا ا |
| 100 | 1 | _aانور الجندى | |
| 245 | 1 | 0 |
_aالاعلام الالف / _cانور الجندى |
| 260 |
_a[S.N] : _bمطبعة الرسالة ، _c1957 |
||
| 300 | _a303 ص | ||
| 490 |
_aدراسة فى ازمة الخليج _v0 |
||
| 650 | 0 | 4 | _aالشعراء |
| 650 | 0 | 4 | _aالملوك والحكام |
| 650 | 0 | 4 | _aالدعاة |
| 650 | 0 | 4 | _aالفلاسفة |
| 650 | 0 | 4 | _aاعلام الاسلام |
| 650 | 0 | 4 | _aزعماء مصر |
| 942 |
_2ddc _cREF |
||
| 999 |
_c59393 _d59393 |
||